[Event "Rottach Egern Seniors Cup 10th"]
[Site "Rottach Egern"]
[Date "2022.03.27"]
[Round "2"]
[White "Steiger, Michael"]
[Black "Sand, Rosemarie"]
[Result "1/2-1/2"]
[WhiteElo "1936"]
[BlackElo "1724"]
[PlyCount "29"]
[EventDate "2022.03.26"]
[EventType "swiss"]
[EventRounds "9"]
[EventCountry "GER"]
[SourceTitle "CBM 207 Extra"]
[Source "ChessBase"]
[SourceDate "2022.05.31"]
[SourceVersion "1"]
[SourceVersionDate "2022.05.31"]
[SourceQuality "1"]

1. c4 c5 2. Nc3 Nc6 3. g3 g6 4. Bg2 Bg7 5. e4 e6 6. Nge2 Nge7 7. d3 d6 8. 0-0 0-0 9. Rb1 Rb8 10. a3 a5 11. Be3 b6 12. d4 Ba6 13. d5 exd5 14. exd5 Ne5 15. b3 1/2-1/2

[Event "Rottach Egern Seniors Cup 9th"]
[Site "Rottach Egern"]
[Date "2021.10.24"]
[Round "3"]
[White "Sand, Rosemarie"]
[Black "Narr, Irmgard"]
[Result "1-0"]
[WhiteElo "1772"]
[BlackElo "1641"]
[PlyCount "118"]
[EventDate "2021.10.22"]
[EventType "swiss"]
[EventRounds "7"]
[EventCountry "GER"]
[SourceTitle "CBM 204 Extra"]
[Source "ChessBase"]
[SourceDate "2021.11.30"]
[SourceVersion "1"]
[SourceVersionDate "2021.11.30"]
[SourceQuality "1"]

1. d4 Nf6 2. c4 e6 3. g3 Nc6 4. Nf3 Be7 5. Bg2 d5 6. 0-0 dxc4 7. Qa4 Bd7 8. Qxc4 0-0 9. Nc3 a6 10. b3 b5 11. Qd3 Nb4 12. Qd2 Rb8 13. Bb2 c5 14. dxc5 Bxc5 15. Rfd1 Qb6 16. e3 Bc6 17. a3 Nbd5 18. b4 Be7 19. Nd4 Bb7 20. Rac1 Rbc8 21. Qe2 h6 22. Nxd5 Bxd5 23. Bxd5 Nxd5 24. Nf3 Qb7 25. Ne5 Nf6 26. Ng4 Nxg4 27. Qxg4 g6 28. Qf4 Bg5 29. Qe5 f6 30. Qxe6+ Qf7 31. Qxf7+ Kxf7 32. h4 Bxe3 33. fxe3 Ke6 34. Kf2 h5 35. Bd4 Rc4 36. Ke2 Kf5 37. Kf3 g5 38. Rxc4 bxc4 39. Rc1 g4+ 40. Ke2 Rc8 41. Bc5 Rc6 42. Rxc4 Ke6 43. Kd3 f5 44. Bd4 Rd6 45. Rc5 Rd5 46. a4 Rd7 47. b5 axb5 48. axb5 Rf7 49. Rc6+ Kd7 50. Rf6 Rxf6 51. Bxf6 Kc7 52. Kd4 Kb6 53. Ke5 Kxb5 54. Kxf5 Kc4 55. e4 Kd3 56. Kf4 Kc4 57. e5 Kd5 58. Kf5 Kc6 59. Ke6 Kc7 1-0

[Event "Rottach Egern Seniors Cup 9th"]
[Site "Rottach Egern"]
[Date "2021.10.22"]
[Round "1"]
[White "Babar, Michael"]
[Black "Sand, Rosemarie"]
[Result "1-0"]
[WhiteElo "2114"]
[BlackElo "1772"]
[PlyCount "121"]
[EventDate "2021.10.22"]
[EventType "swiss"]
[EventRounds "7"]
[EventCountry "GER"]
[SourceTitle "CBM 204 Extra"]
[Source "ChessBase"]
[SourceDate "2021.11.30"]
[SourceVersion "1"]
[SourceVersionDate "2021.11.30"]
[SourceQuality "1"]

1. Nf3 c5 2. b3 d6 3. Bb2 Nf6 4. c4 Nbd7 5. g3 e6 6. Bg2 Be7 7. 0-0 0-0 8. e3 h6 9. Re1 d5 10. d3 b6 11. Qc2 Bb7 12. Nc3 Rc8 13. Rad1 a6 14. Qe2 Qc7 15. cxd5 Nxd5 16. e4 Nxc3 17. Bxc3 Rfd8 18. Qb2 Bf6 19. e5 Be7 20. Qe2 Nf8 21. Qe3 Ng6 22. h4 Bf8 23. Nd2 Bxg2 24. Kxg2 Ne7 25. Ne4 Nd5 26. Qd2 Nxc3 27. Qxc3 Qb7 28. Re3 Rd4 29. f3 Rcd8 30. Nf2 Qb8 31. Qc2 R8d5 32. Qe2 Be7 33. f4 Qb7 34. Qf3 Qd7 35. Re4 Rxe4 36. Nxe4 b5 37. Nf2 Bf8 38. h5 Qc7 39. Rc1 Qa5 40. Qe2 Qd8 41. Rc2 Rd4 42. Qf3 Qd5 43. Rc1 Be7 44. Rc3 Bf8 45. Qxd5 Rxd5 46. Kf3 Be7 47. Ke2 f6 48. Ng4 Kf7 49. Rc1 f5 50. Ne3 Rd4 51. Ra1 a5 52. a4 bxa4 53. Nc4 axb3 54. Rxa5 Rd7 55. Rb5 g5 56. hxg6+ Kxg6 57. Rxb3 Kh5 58. Ne3 Ra7 59. Rb6 Ra2+ 60. Kd1 Ra3 61. Rxe6 1-0

[Event "Altenkirchen Seniors op 18th"]
[Site "Altenkirchen"]
[Date "2021.07.08"]
[Round "7"]
[White "Sand, Rosemarie"]
[Black "Schulze Forsthoevel, Manfred"]
[Result "1/2-1/2"]
[WhiteElo "1812"]
[BlackElo "1543"]
[PlyCount "40"]
[EventDate "2021.07.02"]
[EventType "swiss"]
[EventRounds "9"]
[EventCountry "GER"]
[SourceTitle "CBM 203 Extra"]
[Source "ChessBase"]
[SourceDate "2021.09.30"]
[SourceVersion "1"]
[SourceVersionDate "2021.09.30"]
[SourceQuality "1"]

1. d4 f5 2. c4 Nf6 3. Nf3 g6 4. g3 Bg7 5. Bg2 d6 6. Nc3 0-0 7. 0-0 Qe8 8. Qc2 Nc6 9. d5 Nb4 10. Qb3 Na6 11. h3 Nc5 12. Qc2 a6 13. Be3 Nfe4 14. Nxe4 Nxe4 15. Rad1 e5 16. dxe6 Bxe6 17. Ng5 Nxg5 18. Bxg5 h6 19. Bc1 Rb8 20. b3 Bd7 1/2-1/2

[Event "Altenkirchen Seniors op 18th"]
[Site "Altenkirchen"]
[Date "2021.07.06"]
[Round "5"]
[White "Sand, Rosemarie"]
[Black "Cleve Prinz, Wolfgang"]
[Result "1/2-1/2"]
[WhiteElo "1812"]
[BlackElo "1911"]
[PlyCount "93"]
[EventDate "2021.07.02"]
[EventType "swiss"]
[EventRounds "9"]
[EventCountry "GER"]
[SourceTitle "CBM 203 Extra"]
[Source "ChessBase"]
[SourceDate "2021.09.30"]
[SourceVersion "1"]
[SourceVersionDate "2021.09.30"]
[SourceQuality "1"]

1. d4 Nf6 2. c4 g6 3. Nf3 c6 4. g3 d5 5. Nbd2 Bg7 6. Bg2 0-0 7. 0-0 Ne4 8. e3 Nxd2 9. Nxd2 b5 10. cxd5 cxd5 11. Nb3 a5 12. Bd2 e5 13. dxe5 Bxe5 14. Nd4 Bb7 15. Rc1 Re8 16. Re1 Ra6 17. Bf1 b4 18. Bxa6 Bxa6 19. Qc2 Bc8 20. f4 Bg7 21. Qc7 Nd7 22. Qxd8 Rxd8 23. b3 Kf8 24. Rc7 Nf6 25. Rec1 Bh3 26. Nc6 Re8 27. Ne5 Ng4 28. Nxg4 Bxg4 29. Re1 d4 30. e4 Bf3 31. e5 g5 32. Kf2 Bg4 33. Rec1 f6 34. fxg5 Rxe5 35. Re1 Rf5+ 36. Kg1 fxg5 37. Ree7 Be5 38. Rb7 d3 39. Red7 Ke8 40. Rxd3 Bh3 41. Bf4 Bc3 42. Rxh7 Bg4 43. Bc7 Bf6 44. Bb6 Bf3 45. Re3+ Kf8 46. Ra7 Bc6 47. Re1 1/2-1/2

[Event "Altenkirchen Seniors op 18th"]
[Site "Altenkirchen"]
[Date "2021.07.05"]
[Round "4"]
[White "Sand, Rosemarie"]
[Black "Krueger, Antje Christine"]
[Result "1/2-1/2"]
[WhiteElo "1812"]
[BlackElo "1536"]
[PlyCount "58"]
[EventDate "2021.07.02"]
[EventType "swiss"]
[EventRounds "9"]
[EventCountry "GER"]
[SourceTitle "CBM 203 Extra"]
[Source "ChessBase"]
[SourceDate "2021.09.30"]
[SourceVersion "1"]
[SourceVersionDate "2021.09.30"]
[SourceQuality "1"]

1. d4 Nf6 2. c4 g6 3. Nf3 Bg7 4. g3 0-0 5. Bg2 d6 6. 0-0 c5 7. Nc3 Nbd7 8. e3 Nb6 9. b3 cxd4 10. exd4 d5 11. c5 Nbd7 12. Re1 e6 13. b4 a6 14. a4 Nb8 15. Bf4 Nc6 16. Rb1 Bd7 17. b5 axb5 18. axb5 Na5 19. Ne5 Nh5 20. Nxd7 Qxd7 21. Ne2 Nxf4 22. Nxf4 Nc4 23. Bf1 Na3 24. Rb3 Ra4 25. Rd3 Rfa8 26. b6 Nc4 27. Qf3 Ra3 28. Rxa3 Rxa3 29. Qd1 Ra4 1/2-1/2

[Event "Altenkirchen Seniors op 18th"]
[Site "Altenkirchen"]
[Date "2021.07.03"]
[Round "2"]
[White "Sand, Rosemarie"]
[Black "Bartsch, Marius"]
[Result "1/2-1/2"]
[WhiteElo "1812"]
[BlackElo "1635"]
[PlyCount "74"]
[EventDate "2021.07.02"]
[EventType "swiss"]
[EventRounds "9"]
[EventCountry "GER"]
[SourceTitle "CBM 203 Extra"]
[Source "ChessBase"]
[SourceDate "2021.09.30"]
[SourceVersion "1"]
[SourceVersionDate "2021.09.30"]
[SourceQuality "1"]

1. d4 Nf6 2. c4 e6 3. g3 Bb4+ 4. Bd2 Bxd2+ 5. Nxd2 d6 6. Bg2 Nc6 7. Ngf3 e5 8. dxe5 dxe5 9. e4 0-0 10. 0-0 Qe7 11. a3 a5 12. Qc2 a4 13. h3 Qc5 14. Rac1 Be6 15. Rfe1 Nh5 16. Nf1 Ra6 17. Kh2 Rd8 18. Ne3 Nd4 19. Nxd4 Rxd4 20. Red1 h6 21. Rxd4 exd4 22. Nd5 Rd6 23. Qd3 Bxd5 24. exd5 Nf6 25. Rd1 Rb6 26. Rd2 Rb3 27. Qe2 b5 28. cxb5 Qxb5 29. Qxb5 Rxb5 30. Rxd4 Rxb2 31. Rxa4 Rxf2 32. Kg1 Rd2 33. Ra5 Rd1+ 34. Kf2 Rd2+ 35. Kf1 Rc2 36. a4 Rc1+ 37. Kf2 Rc2+ 1/2-1/2

[Event "Wch Seniors 50 26th"]
[Site "Marianske Lazne"]
[Date "2016.11.28"]
[Round "9"]
[White "Sand, Rosemarie"]
[Black "Melkeraaen, Terje"]
[Result "0-1"]
[WhiteElo "1763"]
[BlackElo "2011"]
[PlyCount "88"]
[EventDate "2016.11.19"]
[EventType "swiss"]
[EventRounds "11"]
[EventCountry "CZE"]
[SourceTitle "CBM 175 Extra"]
[Source "ChessBase"]
[SourceDate "2016.12.12"]
[SourceVersion "1"]
[SourceVersionDate "2016.12.12"]
[SourceQuality "1"]

1. d4 d5 2. c4 e6 3. Nf3 Nf6 4. g3 c6 5. Qc2 Bd6 6. Bg2 0-0 7. 0-0 Nbd7 8. Nbd2 e5 9. dxe5 Nxe5 10. Nxe5 Bxe5 11. Nf3 Bc7 12. Bg5 dxc4 13. Qxc4 h6 14. Bxf6 Qxf6 15. Qb3 Qe7 16. e3 a5 17. Nh4 a4 18. Qc2 Be5 19. Nf3 Bf6 20. a3 Be6 21. Nd4 Bxd4 22. exd4 Qd6 23. Qc5 Rfd8 24. Qb6 Rd7 25. Rfd1 Bb3 26. Rd2 Rad8 27. Qa5 Qf6 28. d5 cxd5 29. Rc1 b6 30. Qb4 Rd6 31. h4 d4 32. Re1 Qf5 33. Rde2 Qf6 34. Re8+ Rxe8 35. Rxe8+ Kh7 36. Be4+ g6 37. Bd3 Kg7 38. Rb8 Bd5 39. f4 g5 40. hxg5 hxg5 41. f5 Qe5 42. Kf1 Bf3 43. Qe1 Qe3 44. Bb5 Rh6 0-1

[Event "Wch Seniors 50 26th"]
[Site "Marianske Lazne"]
[Date "2016.11.27"]
[Round "8"]
[White "Maly, Petr"]
[Black "Sand, Rosemarie"]
[Result "1/2-1/2"]
[WhiteElo "1667"]
[BlackElo "1763"]
[PlyCount "48"]
[EventDate "2016.11.19"]
[EventType "swiss"]
[EventRounds "11"]
[EventCountry "CZE"]
[SourceTitle "CBM 175 Extra"]
[Source "ChessBase"]
[SourceDate "2016.12.12"]
[SourceVersion "1"]
[SourceVersionDate "2016.12.12"]
[SourceQuality "1"]

1. d4 Nf6 2. Bg5 d5 3. Bxf6 exf6 4. e3 Bd6 5. Bd3 c6 6. c3 Be6 7. Qc2 g6 8. Nd2 Nd7 9. Ne2 Qc7 10. g3 f5 11. 0-0 0-0 12. c4 dxc4 13. Nxc4 Nf6 14. Nxd6 Qxd6 15. a3 Rac8 16. b4 Rfd8 17. Rfd1 Bd5 18. Nc3 Bf3 19. Be2 Bxe2 20. Qxe2 Qe6 21. Qa2 Qe7 22. Rac1 Ne4 23. Qb1 Nxc3 24. Rxc3 Qe6 1/2-1/2

[Event "Wch Seniors 50 26th"]
[Site "Marianske Lazne"]
[Date "2016.11.24"]
[Round "6"]
[White "Muniraju, Narayanappa"]
[Black "Sand, Rosemarie"]
[Result "1/2-1/2"]
[WhiteElo "1264"]
[BlackElo "1763"]
[PlyCount "47"]
[EventDate "2016.11.19"]
[EventType "swiss"]
[EventRounds "11"]
[EventCountry "CZE"]
[SourceTitle "CBM 175 Extra"]
[Source "ChessBase"]
[SourceDate "2016.12.12"]
[SourceVersion "1"]
[SourceVersionDate "2016.12.12"]
[SourceQuality "1"]

1. d4 Nf6 2. Nf3 g6 3. c4 Bg7 4. Nc3 d5 5. Bf4 c6 6. e3 0-0 7. Be2 Bf5 8. Qb3 dxc4 9. Qxb7 Nbd7 10. Bxc4 Nb6 11. Bb3 Nbd5 12. Nxd5 Nxd5 13. Bg3 Qa5+ 14. Nd2 Rac8 15. Rc1 Nf6 16. Rc5 Qb6 17. Qxe7 Nd5 18. Qh4 Bf6 19. Qh6 Bg7 20. Qh4 Bf6 21. Qh6 Bg7 22. Qh4 Bf6 23. Qh6 Bg7 24. Qh4 1/2-1/2

[Event "Wch Seniors 50 26th"]
[Site "Marianske Lazne"]
[Date "2016.11.23"]
[Round "5"]
[White "Sand, Rosemarie"]
[Black "Jesensky, Jaromir"]
[Result "1/2-1/2"]
[WhiteElo "1763"]
[BlackElo "1500"]
[PlyCount "38"]
[EventDate "2016.11.19"]
[EventType "swiss"]
[EventRounds "11"]
[EventCountry "CZE"]
[SourceTitle "CBM 175 Extra"]
[Source "ChessBase"]
[SourceDate "2016.12.12"]
[SourceVersion "1"]
[SourceVersionDate "2016.12.12"]
[SourceQuality "1"]

1. d4 d5 2. c4 c6 3. Nf3 Nf6 4. Qc2 e6 5. g3 Nbd7 6. Bg2 Be7 7. Nbd2 0-0 8. 0-0 b6 9. b3 Bb7 10. Bb2 Rc8 11. Rfd1 c5 12. e3 cxd4 13. Nxd4 Ba8 14. Rac1 a6 15. Qb1 dxc4 16. Nxc4 Bxg2 17. Kxg2 b5 18. Nd2 Rc7 19. Nc6 Qa8 1/2-1/2

[Event "GER-chB Seniors 28th"]
[Site "Niederhausen"]
[Date "2016.08.17"]
[Round "5"]
[White "Seibel, Wilhelm"]
[Black "Sand, Rosemarie"]
[Result "1/2-1/2"]
[WhiteElo "1877"]
[BlackElo "1736"]
[PlyCount "79"]
[EventDate "2016.08.13"]
[EventType "swiss"]
[EventRounds "9"]
[EventCountry "GER"]
[SourceTitle "EXT 2019"]
[Source "ChessBase"]
[SourceDate "2018.10.10"]
[SourceVersion "1"]
[SourceVersionDate "2018.10.10"]
[SourceQuality "1"]

1. Nf3 c5 2. e4 Nc6 3. Be2 g6 4. c3 Bg7 5. 0-0 e5 6. d3 Nge7 7. Be3 d6 8. Qd2 0-0 9. Bh6 d5 10. Bxg7 Kxg7 11. exd5 Nxd5 12. Na3 Re8 13. Rfd1 Qe7 14. Re1 Bf5 15. g3 Rad8 16. Nh4 Qd7 17. Qg5 Nce7 18. Nxf5+ Qxf5 19. Qxf5 Nxf5 20. Bf3 b6 21. Rad1 f6 22. Be4 Nfe7 23. Nb5 a6 24. Na3 b5 25. c4 Nc7 26. Nc2 f5 27. Bg2 Kf6 28. Ne3 b4 29. Bf1 Rd6 30. Ng2 Red8 31. Re3 Nc6 32. Ne1 e4 33. f3 exf3 34. Nxf3 Re6 35. Rde1 Rde8 36. Kf2 Rxe3 37. Rxe3 Rxe3 38. Kxe3 Ne6 39. Bg2 Ncd4 40. Ne1 1/2-1/2

[Event "GER-chB Seniors 28th"]
[Site "Niederhausen"]
[Date "2016.08.16"]
[Round "4"]
[White "Sand, Rosemarie"]
[Black "Diskin, Semen"]
[Result "1-0"]
[WhiteElo "1736"]
[BlackElo "1916"]
[PlyCount "39"]
[EventDate "2016.08.13"]
[EventType "swiss"]
[EventRounds "9"]
[EventCountry "GER"]
[SourceTitle "EXT 2019"]
[Source "ChessBase"]
[SourceDate "2018.10.10"]
[SourceVersion "1"]
[SourceVersionDate "2018.10.10"]
[SourceQuality "1"]

1. d4 d5 2. c4 e6 3. Nf3 Nc6 4. e3 Nf6 5. Bd3 Bb4+ 6. Bd2 Bxd2+ 7. Nbxd2 g5 8. Nb3 h6 9. a3 Bd7 10. Nc5 Bc8 11. Qc2 Qe7 12. Nb3 Bd7 13. 0-0-0 0-0-0 14. cxd5 exd5 15. Nc5 Kb8 16. Nxd7+ Rxd7 17. Kb1 a6 18. Bxa6 Nb4 19. axb4 bxa6 20. Ne5 1-0

[Event "Bad Woerishofen Seniors op 32nd"]
[Site "Bad Woerishofen"]
[Date "2016.02.27"]
[Round "2"]
[White "Blutharsch, Walter"]
[Black "Sand, Rosemarie"]
[Result "1-0"]
[WhiteElo "1854"]
[BlackElo "1723"]
[PlyCount "63"]
[EventDate "2016.02.26"]
[EventType "swiss"]
[EventRounds "9"]
[EventCountry "GER"]
[SourceTitle "EXT 2019"]
[Source "ChessBase"]
[SourceDate "2018.10.10"]
[SourceVersion "1"]
[SourceVersionDate "2018.10.10"]
[SourceQuality "1"]

1. d4 Nf6 2. c4 g6 3. Nc3 d5 4. e3 Bg7 5. Bd3 0-0 6. Nge2 c5 7. 0-0 Nc6 8. cxd5 Nxd5 9. Nxd5 Qxd5 10. e4 Qd8 11. d5 Na5 12. Qc2 b6 13. Bg5 h6 14. Be3 e6 15. Rad1 exd5 16. exd5 Bb7 17. Be4 Rc8 18. b3 Re8 19. Bf3 Qd7 20. Qd2 Kh7 21. Ng3 f5 22. Ne2 c4 23. b4 c3 24. Qc2 Nc4 25. Bc1 Nd6 26. Nf4 Ba6 27. Rfe1 Rxe1+ 28. Rxe1 Re8 29. Ne6 Qc8 30. Bf4 Qd7 31. Bxd6 Qxd6 32. Ng5+ 1-0

[Event "Wch Seniors (Women) 24th"]
[Site "Katerini"]
[Date "2014.11.04"]
[Round "11"]
[White "Sand, Rosemarie"]
[Black "Priedite, Ingrida"]
[Result "1-0"]
[WhiteElo "1651"]
[BlackElo "2225"]
[PlyCount "84"]
[EventDate "2014.10.24"]
[EventType "swiss"]
[EventRounds "11"]
[EventCountry "GRE"]
[SourceTitle "EXT 2015"]
[Source "ChessBase"]
[SourceDate "2014.11.20"]
[SourceVersion "1"]
[SourceVersionDate "2014.11.20"]
[SourceQuality "1"]

1. d4 Nf6 2. c4 e6 3. g3 c5 4. Nf3 b6 5. Bg2 Bb7 6. 0-0 Be7 7. Nc3 0-0 8. d5 exd5 9. cxd5 d6 10. e4 Nbd7 11. h3 Ne8 12. Qc2 a6 13. Bf4 Bf6 14. Rfe1 b5 15. Rad1 Rc8 16. e5 Nxe5 17. Nxe5 Bxe5 18. Bxe5 dxe5 19. Rxe5 Nd6 20. Rde1 g6 21. h4 Rc7 22. Qe2 Bc8 23. Nd1 Nc4 24. Re8 Rxe8 25. Qxe8+ Qxe8 26. Rxe8+ Kg7 27. Ne3 Nb6 28. f4 c4 29. Nd1 Rd7 30. Ne3 Bb7 31. Rb8 b4 32. d6 Bxg2 33. Rxb6 Bh3 34. Nxc4 f6 35. Rxa6 Kf7 36. Rb6 Be6 37. b3 Bxc4 38. bxc4 Ke6 39. c5 Ra7 40. Rxb4 Rxa2 41. Re4+ Kf5 42. Rd4 Ra6 1-0

[Event "Wch Seniors (Women) 24th"]
[Site "Katerini"]
[Date "2014.11.02"]
[Round "9"]
[White "Abdikasova, Panu"]
[Black "Sand, Rosemarie"]
[Result "1-0"]
[WhiteElo "1981"]
[BlackElo "1651"]
[PlyCount "127"]
[EventDate "2014.10.24"]
[EventType "swiss"]
[EventRounds "11"]
[EventCountry "GRE"]
[SourceTitle "EXT 2015"]
[Source "ChessBase"]
[SourceDate "2014.11.20"]
[SourceVersion "1"]
[SourceVersionDate "2014.11.20"]
[SourceQuality "1"]

1. d4 Nf6 2. Nf3 g6 3. c4 Bg7 4. Nc3 d5 5. cxd5 Nxd5 6. e4 Nxc3 7. bxc3 c5 8. Be3 0-0 9. Be2 Nc6 10. 0-0 Bg4 11. e5 cxd4 12. cxd4 Rc8 13. Rb1 Qd7 14. Qd2 Rfd8 15. Rfd1 Bf5 16. Rb2 Be4 17. Ng5 Bd5 18. Bf3 Bxf3 19. Nxf3 b6 20. Re1 Na5 21. Qe2 Nc4 22. Rc2 Nxe3 23. Rxc8 Rxc8 24. fxe3 h5 25. Rd1 Qa4 26. Rd2 e6 27. Kf2 Qa5 28. Rc2 Rxc2 29. Qxc2 Bh6 30. Qd2 Qa3 31. Ne1 Qe7 32. g3 Qg5 33. Qd3 h4 34. Nf3 hxg3+ 35. hxg3 Qe7 36. e4 Bg7 37. Qc3 Qd7 38. Qc4 Qe7 39. Qc6 Kh7 40. Qd6 Bf8 41. Qxe7 Bxe7 42. d5 Kg7 43. d6 Bd8 44. Nd4 Kf8 45. Nc6 Ke8 46. Nxa7 Kd7 47. Kf3 Bg5 48. Nb5 Bc1 49. Kg4 Bd2 50. a4 Bc1 51. Kf3 Bb2 52. Kf4 Bc1+ 53. Kf3 Bb2 54. Kf4 Bc1+ 55. Kg4 Bd2 56. Na3 Be3 57. Nc4 Bf2 58. Kf4 Kc6 59. Kg4 g5 60. Nd2 f6 61. exf6 Kxd6 62. Nf3 Bc5 63. Nxg5 Ke5 64. Nh7 1-0

[Event "Zuerich op-B 35th"]
[Site "Zuerich"]
[Date "2011.12.29"]
[Round "5"]
[White "Zuest, Leonard"]
[Black "Sand, Rosemarie"]
[Result "1-0"]
[WhiteElo "1907"]
[BlackElo "1615"]
[PlyCount "39"]
[EventDate "2011.12.26"]
[EventType "swiss"]
[EventRounds "7"]
[EventCountry "SUI"]
[SourceTitle "CBM 146 Extra"]
[Source "ChessBase"]
[SourceDate "2012.02.29"]
[SourceVersion "1"]
[SourceVersionDate "2012.02.29"]
[SourceQuality "1"]

1. e4 c5 2. Nf3 d6 3. d4 cxd4 4. Nxd4 Nf6 5. Nc3 a6 6. Be3 Nc6 7. f3 e6 8. Qd2 Be7 9. 0-0-0 Qc7 10. g4 b5 11. g5 Nd7 12. f4 Nb6 13. Bd3 Bd7 14. f5 Ne5 15. Qg2 Nxd3+ 16. Rxd3 0-0-0 17. g6 e5 18. Nb3 f6 19. Bxb6 Qxb6 20. Nd5 1-0